1665 1647 1262 1256 1613 1999 1557 1217 1201 1055 1014 1588 1296 1538 1124 1795 1932 1000 1268 1987 1132 1277 1328 1254 1480 1566 1013 1219 1048 1981 1051 1962 1215 1178 1218 1364 1148 1040 1136 1005 1606 1111 1725 1929 1087 1947 1684 1122 1869 1382 1465 1438 1389 1089 1774 1141 1666 1999 1583 1164 1836 1810 1018 1418 1233 1975 1548 1311 1891 1461 1495 1044 1854 1552 1971 1107 1827 1325 1850 1732 1544 1782 1118 1028 1494 1675 1091 1149 1763 1382 1417 1539 1407 1088 1608 1339 1526 1243 1214 BCNSPRNW ULIB Ver.6.0+V

เปลี่ยนเป็นภาษาไทย

Change to English
 แสดงรายละเอียดบรรณานุกรม
  กลับหน้าหลัก

Brief Record : Get Marc (ISO 2709) : E-mail record : QR code < ปิดหน้าต่าง
LEADER : 00000nam 2200000uu 4500
001    13399111401
003     ULIB
008    110623s||||||||th 000 0 tha d
020    9789741648030
050  4 BQ860^bพ411พ 2551
100 0  พระสมบัติ รกขิตจิตโต
245 10 พุทธประวัติ /^cพระสมบัติ รกขิตจิตโต
250    พิมพ์ครั้งที่ 1
260    กรุงเทพฯ :^bเอส เอ็ม เค พริ้นติ้ง,^c2552
300    143 หน้า :^bภาพประกอบสี
650  7 พระพุทธเจ้า^vชีวประวัติ
945    ^p0^l0^i025754
995    ทศพร
999 ^a ใช้งานได้ทุกระบบ
รายการนี้ยังไม่มีแท็ก
คุณยังไม่ได้ล็อกอิน คุณสามารถมีกิจกรรมร่วมกับเว็บไซต์ได้ แต่ต้องล็อกอินก่อน ::
  ล็อกอิน

รายการสื่อสารสนเทศ

ลำดับที่ ประเภท เลขเรียก/บาร์โค้ด สถานที่ สถานะ
- ไม่พบข้อมูล -

BibComment


ยังไม่เคยถูกคอมเมนท์

คอมเมนท์ทรัพยากรรายการนี้
  คอมเมนท์: พุทธประวัติ พระส..


 Copyright 2026. Bcnsprnw @Library